| 000 | 01172nam a2200313 i 4500 | ||
|---|---|---|---|
| 003 | EG-GICUC | ||
| 005 | 20260314090529.0 | ||
| 008 | 260125s1984 ua |||fr|||| 00| 0 ara d | ||
| 040 |
_a EG-GICUC _bara _c EG-GICUC _d EG-GICUC _erda |
||
| 041 | 0 | _aAra | |
| 082 | 0 | 4 |
_221 _a343.33 _bس ا . إ |
| 092 | 0 | 4 | _221 |
| 099 | _aLaw1 10 343.33 س ا . إ 1984 | ||
| 100 | 0 |
_aسامح السيد جاد _eمؤلف. |
|
| 245 | 1 | 0 |
_aإثبات الدعوى الجنائية بالقرائن فى الفقه الإسلامى والقانون الوضعى / _cتأليف دكتور سامح السيد جاد. |
| 250 | _aالطبعة الأولى | ||
| 264 | 3 |
_aالرياض : _bمطابع الفرزدق التجارية، _c1984. |
|
| 300 |
_a135 صفحة؛ _c24 سم. |
||
| 336 |
_2rda content _atext |
||
| 337 |
_2rda media _aComputer |
||
| 338 |
_2rda carrier _aOnline Resource |
||
| 546 | _aالنص باللغة العربية | ||
| 650 | 1 |
_aالدعوى الجنائية _2qrmak |
|
| 650 | 1 |
_aالقانون الجنائى _2qrmak |
|
| 651 | 1 | _2qrmak | |
| 856 | 4 | 0 | _uhttps://fll.law.cu.edu.eg/fulltext/bks/B10-08070.pdf |
| 905 | _a54 | ||
| 942 |
_2ddc _cBK _e21 _n0 |
||
| 999 |
_c59250 _d59250 |
||